|
|
|
|
| LEADER |
00000cam a2200000 7i4500 |
| 001 |
0000090807 |
| 005 |
20050715.0 |
| 020 |
|
|
|a 071399309X
|
| 090 |
0 |
0 |
|a 920
|b OVE
|
| 100 |
1 |
|
|a Overy, Richard
|
| 245 |
1 |
4 |
|a The Dictators :
|b Hitler's Germany and Stalin's Russia
|c Richard Overy
|
| 260 |
|
|
|a London :
|b Allen Lane/The Penguin Press ,
|c 2004
|
| 300 |
|
|
|a 848p. :
|b ill. ;
|c 24cm.
|
| 600 |
1 |
0 |
|a Hitler, Adolf ,
|d 1889-1945
|
| 600 |
1 |
0 |
|a Stalin, Joseph ,
|d 1879-1953
|
| 650 |
0 |
0 |
|a Head of state
|z Germany
|x Biography
|
| 650 |
0 |
0 |
|a Head of state
|z Soviet Union
|x Biography
|
| 651 |
|
0 |
|a Germany
|x Politics and government
|y 1918-1933
|
| 651 |
|
0 |
|a Germany
|x Politics and government
|y 1933-1945
|
| 651 |
|
0 |
|a Soviet Union
|x Politics and goverment
|y 1917-1936
|
| 651 |
|
0 |
|a Soviet Union
|x Politics and goverment
|y 1936-1953
|
| 999 |
|
|
|a 00183789
|b BUKU
|c RUJUKAN
|e PERPUSTAKAAN KOMUNITI PETALING JAYA
|